| 000 | 00677nam a2200241 a 4500 | ||
|---|---|---|---|
| 999 |
_c995 _d995 |
||
| 008 | 191115t2014 ii a|||g |||| 00| 0 eng d | ||
| 020 |
_a9788184954012 _cRs. 299.00 |
||
| 040 |
_aKO _beng |
||
| 041 | 0 | _aeng | |
| 044 | _aii | ||
| 082 | 0 | 4 |
_223 _a658.4092 _bP644 |
| 100 | 1 | _aPillai, Radhakrishnan | |
| 245 | 1 | 0 |
_aChanakya's 7 secrets of leadership / _cRadhakrishnan Pillai and D. Sivanandhan |
| 260 |
_aMumbai : _bJaico Publishing House , _c2014 |
||
| 300 |
_axxxvi, 230 p. ; _c22 cm |
||
| 650 | 0 |
_aLeadership _xManagement |
|
| 650 | 0 | _aMoral and ethical aspects | |
| 650 | 0 | _aTraining | |
| 700 |
_aSivanandhan, D. _eaut |
||
| 904 | _aA_BOSE | ||
| 942 | _cBK | ||